Estatísticas para Cultura Geral

Clique aqui para jogar o quiz

Estatísticas Gerais

  • Esse quiz foi jogado 19 vezes
  • A pontuação média é 6 de 15

Estatísticas das Respostas

HintResposta% Correto
O que o B representa no termo económico PIB?Bruto
93%
Em que país podemos encontrar a cidade Stuttgart?Alemanha
87%
Antes tarde do que quando?Nunca
87%
Qual é o nome de um time de futebol de Amsterdã, dois personagens da Ilíada e uma marca de pó de limpeza?Ajax
80%
Qual é o principal rio que atravessa Londres?Tamisa
60%
Em que cidade alemã podemos encontrar a sede da empresa Mercedes-Benz?Stuttgart
40%
Qual é a divisão de luxo da General Motors?Cadillac
33%
Em que país nasceu a cantora Shania Twain?Canadá
33%
Em que cidade podemos encontrar a sede da empresa Tiffany & Co.?Nova Iorque
33%
Em que país você encontraria a maior parte do vale do Indo?Paquistão
20%
Qual é a avenida mais movimentada de Manhattan?Quinta avenida
20%
O que significa www em www.jetpunk.com?World Wide Web
20%
Qual é a marca de doces mais vendida nos Estados Unidos?M&Ms
13%
Qual é o nome de um país africano ou de uma antiga moeda britânica no valor de 21 xelins?Guiné
7%
Qual é a cidade mais ao sul dos Estados Unidos com uma população superior a 100.000?Honolulu
0%

Distribuição das Pontuações

Percentil de Números Respondidos

Porcentagem de Pessoas com Cada Pontuação

Sua Pontuação Histórica

Você não jogou esse quiz